00546 2200205 4500001002100000005001500021035002000036245004200056100002000098250001000118300003600128260004600164082000800210084001400218020001900232600002800251600002100279504002000300990002000320INLIS00000000000521120250218095604 a0010-02250000251 aUnfinished Goodbye /cSyahid Muhammad0 aSyahid Muhammad aCet.1 a299 hlm, :bilus ;c13 x 19 cm. aYogyakarta,; :bGradien Mediatama,c2024. a813 a813 SYA u a978602208380-1 aPenyunting,Jia Effendie aIlustrator,Agris aTentang Penulis a16813/P/BL/2025